000
002300000a22000970004500
100
1
_a
Ranney, Stephen L.
245
1
0
_a
Strategies for fuelwood savings
300
_a
Núm 10 (1986), Páginas 35-37
773
0
_t
Together
942
_c
ANA
999
_c
56943
_d
56943